Quality-assurance data for routine water analysis in the National Water-Quality Laboratory of the U.S. Geological Survey for water year 1988 /

Bibliographic Details
Main Author: Lucey, Keith J.
Corporate Author: Geological Survey (U.S.)
Format: Government Document Book
Language:English
Published: Denver, Colo. : Dept. of the Interior, U.S. Geological Survey : 1989.
Series:Water-resources investigations report ; 89-4166.
Subjects:

MARC

Tag First Indicator Second Indicator Subfields
LEADER 00000cam a2200000 a 4500
001 in00000906339
005 20150924095117.0
008 891215s1989 coua b f00010 eng d
010 |a gp 90005185  
035 |a (OCoLC)20789903 
035 |9 AEN6066AM 
040 |a GPO  |c GPO  |d UtOrBLW 
043 |a n-us--- 
074 |a 624-B 
086 0 |a I 19.42/4:89-4166 
100 1 |a Lucey, Keith J. 
245 1 0 |a Quality-assurance data for routine water analysis in the National Water-Quality Laboratory of the U.S. Geological Survey for water year 1988 /  |c by Keith J. Lucey. 
264 1 |a Denver, Colo. :  |b Dept. of the Interior, U.S. Geological Survey :  |c 1989. 
264 2 |a Denver, Colo. :  |b Books and Open-File Reports [distributor], 
300 |a x, 96 pages :  |b illustrations ;  |c 28 cm. 
336 |a text  |b txt  |2 rdacontent 
337 |a unmediated  |b n  |2 rdamedia 
338 |a volume  |b nc  |2 rdacarrier 
490 1 |a Water-resources investigations report / U.S. Geological Survey ;  |v 89-4166 
500 |a Shipping list number: 89-795-P. 
504 |a Includes bibliographical references (pages 17-18). 
610 2 0 |a National Water-Quality Laboratory (U.S.) 
650 0 |a Water quality management  |z United States. 
650 0 |a Water  |x Analysis. 
710 2 |a Geological Survey (U.S.) 
740 0 |a Quality assurance data for routine water analysis in the National Water-Quality Laboratory of the U.S. Geological Survey for water year 1988. 
830 0 |a Water-resources investigations report ;  |v 89-4166. 
999 |a MARS 
999 f f |s 4b66d3b4-6864-3667-b168-badcadb104dc  |i 39f4e05f-c45b-322c-85d1-0f7b7d13ce90  |t 0 
952 f f |p normal  |a Texas A&M University  |b College Station  |c Sterling C. Evans Library  |d Evans: US Documents (Annex 5th floor)  |t 0  |e I 19.42/4:89-4166  |h Superintendent of Documents classification  |i unmediated -- volume  |m A14814496113 
998 f f |a I 19.42/4:89-4166  |t 0  |l Evans: US Documents (Annex 5th floor)